036_ Personnalités nées un 5 février par images - Statistiques

Statistiques générales
  • Ce quiz a été pris 43 fois
  • Le résultat moyen est 5 sur 9
Statistiques - réponses
Par images Hint Réponse % Correct
Footballeur Cristiano Ronaldo
100%
Footballeur Neymar Jr.
98%
Participante de téléréalité Nabilla Benattia
88%
Chanteur Daniel Balavoine
86%
Youtubeur Le Grand JD
55%
Chanteuse Julie Zenatti
38%
Écrivaine Madame de Sévigné
14%
Ingénieur André Citroën
10%
Actrice Laura Linney
0%
Aucun quiz correspondant
Distribution des résultats
% des personnes avec chaque résultat
Percentile par nombre de réponses
Votre historique - résultats
Vous n’avez pas pris ce quiz